[Event "It (open)"]
[Site "masterchessopen.com – Oberhausen (Germany)"]
[Date "2010.04.01"]
[Round "1"]
[White "Mladenov Svetlin (BUL)"]
[Black "Walter Andreas"]
[Result "1-0"]
[WhiteElo "2436"]
[BlackElo "1904"]

1.e4 e6 2.d4 d5 3.Nd2 Nc6 4.Ngf3 Nf6 5.e5 Nd7 6.Nb3 a5 7.a4 Be7 8.Bb5 Na7
9.Bd3 b6 10.Be3 c5 11.c4 Nc6 12.cxd5 exd5 13.Bb5 Bb7 14.dxc5 Nxc5 15.Rc1 Nxb3
16.Rxc6 {#r} 1-0

[Event "It \"]
[Site "masterchessopen.com – Los Angeles (USA)"]
[Date "2010.04.24"]
[Round "3"]
[White "Peters Jack"]
[Black "Harmon-Vellotti Luke"]
[Result "1-0"]
[WhiteElo "2380"]
[BlackElo "2044"]

1.e4 e6 2.d4 d5 3.Nd2 Nc6 4.Ngf3 Nf6 5.e5 Nd7 6.Be2 f6 7.exf6 Qxf6 8.Nf1 Bd6
9.Ne3 O-O 10.O-O Qg6 11.c4 Nf6 12.c5 Be7 13.b3 Nd7 14.Bb2 Nd8 15.Bd3 Qe8
16.Re1 c6 17.Ng4 Qh5 18.h3 b6 19.Nfe5 Nxe5 20.Rxe5 Qe8 21.Qc2 g6 22.Rae1 Bf6
23.Bc1 Bg7 24.Bh6 Nf7 25.Bxg6 hxg6 26.Nf6+ Kh8 27.Qxg6 {#r} 1-0

[Event "Ch Steir"]
[Site "masterchessopen.com – Lannach (Austria)"]
[Date "2010.06.03"]
[Round "2"]
[White "Pfaffel Thomas (AUT)"]
[Black "Matosec Thomas (AUT)"]
[Result "1-0"]
[WhiteElo "2193"]
[BlackElo "2088"]

1.e4 e6 2.d4 d5 3.Nd2 Nc6 4.Ngf3 Nf6 5.exd5 exd5 6.Bb5 Bd6 7.O-O O-O 8.c4 Bg4
9.h3 Bh5 10.Qa4 Nxd4 11.Nxd4 a6 12.cxd5 axb5 13.Qxb5 Nxd5 14.Qxb7 Rb8 15.Qa6
Qf6 16.Qc4 Nf4 17.N2f3 Rb4 18.Qc3 Bxf3 19.Bxf4 Rxd4 20.Bxd6 Bxg2 21.Bxf8 Bxf1
22.Bxg7 Qxg7+ 23.Kxf1 Qe5 24.Re1 Qb5+ 25.Kg2 Qd5+ 26.Qf3 Qd7 27.Re4 c5 28.Qg4+
{#r} 1-0

[Event "It (open) \"]
[Site "masterchessopen.com – St. Petersburg (Russia)"]
[Date "2010.06.23"]
[Round "8"]
[White "Azimova Karina (RUS)"]
[Black "Pimenov Revolt (RUS)"]
[Result "0-1"]
[WhiteElo "2011"]
[BlackElo "2156"]

1.e4 e6 2.d4 d5 3.Nd2 Nc6 4.Ngf3 Nf6 5.e5 Nd7 6.Bd3 Nb4 7.Be2 c5 8.c3 Nc6
9.O-O Be7 10.Re1 O-O 11.Nf1 f6 12.exf6 Bxf6 13.Bb5 Re8 14.Ne3 a6 15.Ba4 Nf8
16.dxc5 Nd7 17.Nxd5 exd5 18.Qxd5+ Kh8 19.Bg5 Nde5 20.Bxc6 bxc6 21.Qxd8 Nxf3+
22.gxf3 Rxd8 23.h4 Bf5 {#R} 0-1

[Event "It (open)"]
[Site "masterchessopen.com – Dortmund (Germany)"]
[Date "2010.07.20"]
[Round "4"]
[White "Mazarov Juergen (GER)"]
[Black "Ossig Rainer"]
[Result "1-0"]
[WhiteElo "2141"]
[BlackElo "2086"]

1.e4 e6 2.d4 d5 3.Nd2 Nc6 4.Ngf3 Nf6 5.e5 Nd7 6.c3 f6 7.exf6 Qxf6 8.Nb3 Bd6
9.Bg5 Qf7 10.Be3 h6 11.Qc2 O-O 12.h4 Nf6 13.Bd3 e5 14.dxe5 Nxe5 15.Nxe5 Bxe5
16.Bg6 Qe7 17.O-O-O b6 18.Nd4 Ng4 19.Nc6 Qf6 20.Nxe5 Nxe3 21.Bh7+ Kh8 22.Ng6+
Kxh7 23.Nxf8+ Kg8 24.Qh7+ Kxf8 25.fxe3 Ke7 26.Rhf1 Qe5 27.e4 dxe4 28.Qg8 Bb7
29.Qf7# 1-0

[Event "It (open)"]
[Site "masterchessopen.com – Amantea (Italy)"]
[Date "2010.08.30"]
[Round "2"]
[White "Carola Paolo (ITA)"]
[Black "Drasko Milan (MNE)"]
[Result "0-1"]
[WhiteElo "1904"]
[BlackElo "2486"]

1.e4 e6 2.d4 d5 3.Nd2 Nc6 4.Ngf3 Nf6 5.e5 Nd7 6.c3 f6 7.Bd3 fxe5 8.Nxe5 Ndxe5
9.dxe5 Nxe5 10.Qh5+ Nf7 11.Nf3 g6 12.Bxg6 hxg6 13.Qxg6 Qd6 14.Be3 e5 15.Qg3
Bf5 16.O-O-O O-O-O 17.Rhe1 e4 18.Bf4 Qxf4+ 19.Qxf4 Bh6 20.Qxh6 Rxh6 21.Nd4 Bd7
22.h3 Rg8 23.Rg1 Ne5 {#R} 0-1

[Event "Ch Baiano"]
[Site "masterchessopen.com – Salvador (Brazil)"]
[Date "2010.10.10"]
[Round "4"]
[White "Monteiro Cesidio (BRA)"]
[Black "Reis Paulo F J (BRA)"]
[Result "0-1"]
[WhiteElo "2149"]
[BlackElo "2301"]

1.e4 e6 2.d4 d5 3.Nd2 Nc6 4.Ngf3 Nf6 5.e5 Nd7 6.c3 f6 7.exf6 Qxf6 8.Bb5 e5
9.dxe5 Ncxe5 10.O-O c6 11.Be2 Bc5 12.Nb3 Bb6 13.Nbd4 O-O 14.Bg5 Qf7 15.Bh4 Ng6
16.Bg3 Nc5 17.Nd2 Nf4 18.Bf3 Ncd3 19.Qc2 g5 20.Bxf4 Nxf4 21.Rae1 Bxd4 22.cxd4
Bf5 23.Qb3 Bd3 24.Re5 Bxf1 25.Rxg5+ Kh8 26.Nxf1 Ne2+ 27.Kh1 Nxd4 28.Qc3 Qf6
29.Rg3 Nxf3 {#R} 0-1

[Event "It (open) (major)"]
[Site "masterchessopen.com – Brighton (England)"]
[Date "2010.11.12"]
[Round "1"]
[White "Walshaw David"]
[Black "Payne Matthew J (ENG)"]
[Result "0-1"]
[WhiteElo "1658"]
[BlackElo "1849"]

1.e4 e6 2.d4 d5 3.Nd2 Nc6 4.Ngf3 Nf6 5.e5 Nd7 6.c3 f6 7.exf6 Qxf6 8.Bd3 Bd6
9.Nf1 h6 10.Ng3 e5 11.dxe5 Ndxe5 12.Nxe5 Nxe5 13.Be2 O-O 14.Qxd5+ Be6 15.Qd4
c5 16.Qe3 Nc4 17.Ne4 Qg6 18.Bxc4 Bxc4 19.Nxd6 Qxd6 20.Qg3 Rae8+ 21.Be3 Qd3
22.Qg4 Rxe3+ 23.fxe3 Qxe3+ 24.Kd1 Rd8+ 25.Kc2 Qd2+ 26.Kb1 Bd3# 0-1

[Event "Czech League 2010/11 (1st) East"]
[Site "masterchessopen.com – Czech Republic"]
[Date "2010.11.14"]
[Round "3"]
[White "Senkyr Martin (CZE)"]
[Black "Staszko Martin (CZE)"]
[Result "1-0"]
[WhiteElo "2160"]
[BlackElo "2040"]

1.e4 e6 2.d4 d5 3.Nd2 Nc6 4.Ngf3 Nf6 5.e5 Nd7 6.c3 b6 7.Bd3 a5 8.Qe2 Bb7 9.Nf1
Be7 10.Ng3 Ncb8 11.h4 h6 12.Nh5 Kf8 13.Rh3 Ba6 14.Rg3 g6 15.Nf4 g5 16.hxg5
hxg5 17.Nh3 Bxd3 18.Qxd3 c5 19.Nfxg5 Nc6 20.Rf3 Bxg5 21.Nxg5 Ndxe5 22.dxe5
Rh1+ 23.Ke2 {#r} 1-0

[Event "Ch City"]
[Site "masterchessopen.com – Kazan (Russia)"]
[Date "2010.11.27"]
[Round "5"]
[White "Amirkhanov Roustem (RUS)"]
[Black "Tokarev Ilya (RUS)"]
[Result "1-0"]
[WhiteElo "2304"]
[BlackElo "2267"]

1.e4 e6 2.d4 d5 3.Nd2 Nc6 4.Ngf3 Nf6 5.e5 Nd7 6.c3 f6 7.Bb5 fxe5 8.dxe5 a6
9.Bxc6 bxc6 10.O-O c5 11.Qa4 Bb7 12.Nb3 a5 13.Bg5 Qc8 14.Qg4 Nb6 15.Be3 {#r}
1-0

[Event "Ch City"]
[Site "masterchessopen.com – Graz (Austria)"]
[Date "2011.01.08"]
[Round "2"]
[White "Wallner Walter (AUT)"]
[Black "Steininger Friedrich (AUT)"]
[Result "0-1"]
[WhiteElo "2032"]
[BlackElo "2092"]

1.e4 e6 2.d4 d5 3.Nd2 Nc6 4.Ngf3 Nf6 5.e5 Nd7 6.Nb3 f6 7.Bb5 a5 8.a4 Na7
9.exf6 gxf6 10.Qe2 c6 11.Qxe6+ Be7 12.Bd3 Ne5 13.Qxe7+ Qxe7 14.dxe5 Bg4
15.Nbd4 fxe5 16.Bg5 Qg7 17.Nf5 Bxf5 18.Bxf5 e4 19.O-O-O Rf8 20.Bg4 Rxf3 {#R}
0-1

[Event "It (open)"]
[Site "masterchessopen.com – Prague (Czech Republic)"]
[Date "2011.01.10"]
[Round "4"]
[White "Marholev Dimitar (BUL)"]
[Black "Burdalev Kirill (UKR)"]
[Result "1-0"]
[WhiteElo "2355"]
[BlackElo "2314"]

1.e4 e6 2.d4 d5 3.Nd2 Nc6 4.Ngf3 Nf6 5.e5 Nd7 6.c3 f6 7.exf6 Qxf6 8.Bb5 Bd6
9.Nf1 Ne7 10.Ne3 c6 11.Bd3 h6 12.Ng4 Qf7 13.O-O Nf5 14.Qe2 O-O 15.Nfe5 Nxe5
16.Nxe5 Qf6 17.b4 Bxe5 18.dxe5 Qh4 19.f4 Bd7 20.g4 Ne7 21.Be3 h5 22.g5 Nf5
23.Bc5 Rfe8 24.Bxf5 exf5 25.Rf3 d4 26.h3 Be6 27.Bxd4 Bd5 28.Bf2 Bxf3 29.Qxf3
Qxf2+ 30.Kxf2 {#r} 1-0

[Event "Ch Croatia (team) (3rd league)"]
[Site "masterchessopen.com – Pula (Croatia)"]
[Date "2011.03.12"]
[Round "1"]
[White "Cherin Diego (ITA)"]
[Black "Dimitrijevic Sinisa"]
[Result "1-0"]
[WhiteElo "2261"]
[BlackElo "2100"]

1.e4 e6 2.d4 d5 3.Nd2 Nc6 4.Ngf3 Nf6 5.e5 Nd7 6.Nb3 a5 7.a4 Be7 8.Bb5 Ncb8
9.h4 b6 10.Ng5 h6 11.Nxe6 fxe6 12.Qh5+ Kf8 13.Rh3 Ba6 14.Qg6 Bxh4 15.Qxe6 Bxb5
16.axb5 Qe7 17.Qxd5 Ra7 18.Qe4 Bf6 19.Re3 Bg5 20.f4 Qb4+ 21.Bd2 Qxb5 22.fxg5
hxg5 23.O-O-O c5 24.Rf3+ {#r} 1-0

[Event "Ch UrFO (open)"]
[Site "masterchessopen.com – Cheliabinsk (Russia)"]
[Date "2011.03.19"]
[Round "1"]
[White "Rodionov Nikolai (RUS)"]
[Black "Yamszhchikov Alexey (RUS)"]
[Result "0-1"]
[WhiteElo "1815"]
[BlackElo "2203"]

1.e4 e6 2.d4 d5 3.Nd2 Nc6 4.Ngf3 Nf6 5.e5 Nd7 6.Nb3 f6 7.exf6 Qxf6 8.Bg5 Qf7
9.Bd3 Bd6 10.c3 e5 11.dxe5 Ndxe5 12.Be2 O-O 13.O-O Bf5 14.Nbd4 Be4 15.Nxe5
Nxe5 16.f3 Qg6 17.f4 Qe8 18.fxe5 Qxe5 19.Nf3 Bxf3 20.Bxf3 Qxh2+ 21.Kf2 Rxf3+
22.Kxf3 Qg3+ 23.Ke2 Re8+ 24.Kd2 Qxg5+ 25.Kc2 Qxg2+ 26.Kb3 Re2 27.Rb1 Qe4 {#R}
0-1

[Event "Tournament \"]
[Site "masterchessopen.com – St. Petersburg (Russia)"]
[Date "2011.03.25"]
[Round "3"]
[White "Sinajskij Anatolij (RUS)"]
[Black "Fedoseeva Valentina (RUS)"]
[Result "0-1"]
[WhiteElo "2096"]
[BlackElo "1920"]

1.Nf3 Nc6 2.d4 e6 3.e4 Nf6 4.Nbd2 d5 5.e5 Nd7 6.c3 f6 7.exf6 Nxf6 8.Bd3 Bd6
9.Nf1 O-O 10.Bg5 Qe8 11.Bxf6 Rxf6 12.Qc2 e5 13.Bxh7+ Kh8 14.dxe5 Nxe5 15.O-O-O
Nxf3 16.gxf3 g6 17.Ne3 Kxh7 18.Rxd5 Bf4 19.Rh5+ Kg7 20.Rg1 Bxe3+ 21.Kb1 Bf4
22.h4 Re6 23.Rd5 Re1+ 24.Rd1 Bf5 25.Qxf5 Rxd1+ 26.Kc2 Rxg1 27.Qxf4 {#R} 0-1

[Event "Ch France (juniors) (under 18) (g)"]
[Site "masterchessopen.com – Montlucon (France)"]
[Date "2011.04.23"]
[Round "8"]
[White "Josse Mathilde (FRA)"]
[Black "Daadaa Soha (FRA)"]
[Result "0-1"]
[WhiteElo "1718"]
[BlackElo "1661"]

1.e4 e6 2.d4 d5 3.Nd2 Nc6 4.Ngf3 Nf6 5.e5 Nd7 6.Be2 f6 7.exf6 Qxf6 8.Nb3 Bd6
9.O-O O-O 10.c3 Qg6 11.Nh4 Qf6 12.g3 a5 13.a4 Ne7 14.f4 c5 15.Be3 b6 16.Bg4
Ba6 17.Re1 Rae8 18.Bf2 Nc6 19.Nf3 Bxf4 20.gxf4 Qxf4 21.Bxe6+ Rxe6 22.Rxe6 Qg4+
23.Bg3 Qxe6 24.Qd2 Rxf3 25.Re1 Qf7 26.Qg2 Rf6 27.Qh3 Nd8 28.Bc7 Ne6 29.Bg3 Ng5
30.Qg4 Nf3+ {#R} 0-1

[Event "Ch Hessen (seniors) (open)"]
[Site "masterchessopen.com – Bad Sooden-Allendorf (Germany)"]
[Date "2011.05.04"]
[Round "5"]
[White "Hunold Rolf (GER)"]
[Black "Baum Bernd Dr (GER)"]
[Result "0-1"]
[WhiteElo "2122"]
[BlackElo "2267"]

1.e4 e6 2.d4 d5 3.Nd2 Nc6 4.Ngf3 Nf6 5.e5 Nd7 6.c3 f6 7.exf6 Qxf6 8.Be2 Bd6
9.b4 O-O 10.Nb3 e5 11.b5 Ne7 12.Bg5 Qf7 13.dxe5 Nxe5 14.Nbd4 N7g6 15.Qc1 Bd7
16.h3 Rae8 17.O-O c5 18.bxc6 bxc6 19.Be3 Nxf3+ 20.Nxf3 Nf4 21.Re1 Bxh3 22.Bf1
Qg6 23.Bxf4 Bxf4 24.Qb1 Bf5 25.Qd1 Be4 26.Nh4 Qf6 27.Qg4 Be5 28.f3 Bxc3 {#R}
0-1

[Event "Ch Germany (juniors) (Internet) (under 18) (qual2)"]
[Site "masterchessopen.com – Internet"]
[Date "2011.05.04"]
[Round "4"]
[White "Moritz Aron (GER)"]
[Black "Begri Felix (GER)"]
[Result "0-1"]
[WhiteElo "2127"]
[BlackElo "1887"]

1.e4 e6 2.d4 d5 3.Nd2 Nc6 4.Ngf3 Nf6 5.e5 Nd7 6.Bd3 f6 7.exf6 Qxf6 8.c3 Bd6
9.O-O O-O 10.Re1 e5 11.dxe5 Ncxe5 12.Nxe5 Qxf2+ 13.Kh1 Nxe5 14.Rf1 Nxd3 {#R}
0-1

[Event "Ch Hungary (juniors) (under 18)"]
[Site "masterchessopen.com – Celldoemoelk (Hungary)"]
[Date "2011.07.03"]
[Round "7"]
[White "Straubinger Daniel (HUN)"]
[Black "Balogh David (HUN)"]
[Result "1-0"]
[WhiteElo "2226"]
[BlackElo "2025"]

1.e4 e6 2.d4 d5 3.Nd2 Nc6 4.Ngf3 Nf6 5.e5 Nd7 6.Bd3 f6 7.exf6 Qxf6 8.c3 Bd6
9.Nf1 O-O 10.Bg5 Qf7 11.Qc2 g6 12.Ne3 Nf6 13.O-O-O Ne7 14.Ne5 Bxe5 15.dxe5 Nh5
16.Ng4 Kh8 17.Nh6 Qe8 18.g4 Ng7 19.Bf6 c5 20.Qe2 Ng8 21.Nxg8 Kxg8 22.h4 Qa4
23.Kb1 Qf4 24.h5 c4 25.Bc2 Rxf6 26.exf6 Qxf6 27.hxg6 {#r} 1-0

[Event "It (open) (b)"]
[Site "masterchessopen.com – Pardubice (Czech Republic)"]
[Date "2011.07.28"]
[Round "7"]
[White "Laubsch Bernd (GER)"]
[Black "Pflantz Mike (GER)"]
[Result "1-0"]
[WhiteElo "2293"]
[BlackElo "2123"]

1.e4 e6 2.d4 d5 3.Nd2 Nc6 4.Ngf3 Nf6 5.e5 Ne4 6.Bd3 f5 7.exf6 Nxf6 8.O-O Bd6
9.c3 O-O 10.Qe2 Qe8 11.Ne5 Qh5 12.f4 Qxe2 13.Bxe2 Bxe5 14.fxe5 Nd7 15.Nf3 Nb6
16.b3 Bd7 17.Ba3 Rf7 18.Bd3 g6 19.Ng5 Rxf1+ 20.Rxf1 Re8 21.g4 Nd8 22.h4 Kg7
23.Rf6 Bc8 24.Nxh7 {#r} 1-0

[Event "Oberliga East B 2011/12"]
[Site "masterchessopen.com – Germany"]
[Date "2011.10.02"]
[Round "1"]
[White "Sergin Mark (GER)"]
[Black "Henrich Thomas (GER)"]
[Result "1-0"]
[WhiteElo "2167"]
[BlackElo "2222"]

1.e4 e6 2.d4 d5 3.Nd2 Nc6 4.Ngf3 Nf6 5.e5 Nd7 6.c3 f6 7.exf6 Qxf6 8.Be2 Bd6
9.Nf1 Nb6 10.Bg5 Qf7 11.Bh4 h6 12.Bg3 Bd7 13.Ne3 O-O-O 14.b4 Rdf8 15.a4 a5
16.Bxd6 cxd6 17.Qb3 axb4 18.a5 Nc4 19.Bxc4 dxc4 20.Nxc4 Kc7 21.O-O Qg6 22.cxb4
Rf4 23.b5 Nxd4 24.Nxd4 Rxd4 25.Rfd1 Rxd1+ 26.Rxd1 d5 27.Ne5 Qh5 28.Rc1+ Kd6
29.f4 Ke7 30.Qb4+ {#r} 1-0

[Event "Tournament (weekend) (a)"]
[Site "masterchessopen.com – Liscate (Italy)"]
[Date "2011.10.16"]
[Round "4"]
[White "Gamboa Miguel"]
[Black "Radice Luca (ITA)"]
[Result "1-0"]
[WhiteElo "2175"]
[BlackElo "1972"]

1.d4 e6 2.e4 d5 3.Nd2 Nc6 4.Ngf3 Nf6 5.e5 Nd7 6.c3 f6 7.exf6 Qxf6 8.Be2 Bd6
9.O-O O-O 10.Nb3 a5 11.a4 Nb6 12.Bg5 Qg6 13.Bh4 e5 14.dxe5 Nxe5 15.Bg3 Nxf3+
16.Bxf3 Bxg3 17.hxg3 Bf5 18.Nc5 c6 19.Qd4 Qf7 20.Rfe1 Rae8 21.b4 Nc4 22.b5 Re7
23.Nxb7 Be4 24.bxc6 Rc7 25.Bxe4 dxe4 26.Rxe4 Rxc6 27.Nd8 Rd6 28.Nxf7 {#r} 1-0

[Event "It (open)"]
[Site "masterchessopen.com – Pavlodar (Kazakhstan)"]
[Date "2011.12.07"]
[Round "8"]
[White "Ilyashev Yerzhan (KAZ)"]
[Black "Nugumanov Bakhtiyar (KAZ)"]
[Result "0-1"]
[WhiteElo "1862"]
[BlackElo "2216"]

1.e4 e6 2.d4 d5 3.Nd2 Nc6 4.Ngf3 Nf6 5.exd5 exd5 6.Bb5 Bd7 7.O-O Be7 8.Re1 O-O
9.c3 Bd6 10.c4 a6 11.Bxc6 Bxc6 12.c5 Be7 13.Ne5 Be8 14.Nf1 Nd7 15.Ng3 Nxe5
16.Rxe5 Bc6 17.Re1 Qd7 18.Bf4 Rfe8 19.Qd2 a5 20.Bg5 f6 21.Bf4 b6 22.cxb6 Bb4
23.Rxe8+ Rxe8 24.Qc2 cxb6 25.a3 Bf8 26.Rc1 {#R} 0-1

[Event "Ch Kazakhstan (1/2 final)"]
[Site "masterchessopen.com – Pavlodar (Kazakhstan)"]
[Date "2012.02.24"]
[Round "4"]
[White "Kostenko Petr (KAZ)"]
[Black "Kozganbayev Erken (KAZ)"]
[Result "1-0"]
[WhiteElo "2482"]
[BlackElo "2294"]

1.e4 e6 2.d4 d5 3.Nd2 Nc6 4.Ngf3 Nf6 5.e5 Nd7 6.Be2 f6 7.exf6 Qxf6 8.Nf1 Bd6
9.Ne3 O-O 10.O-O Qg6 11.c4 Nf6 12.Re1 b6 13.Bd3 Qh5 14.Nf1 h6 15.Ng3 Qf7
16.Bd2 Bb7 17.Qc2 dxc4 18.Bxc4 Nd5 19.Re2 Qf6 20.Qe4 Nd8 21.Nh5 Qf7 22.Qg4 Nf6
23.Nxf6+ Qxf6 24.Ne5 Bxe5 25.dxe5 Qf5 26.Qg3 Nf7 {#r} 1-0

[Event "It (open)"]
[Site "masterchessopen.com – Poznan (Poland)"]
[Round "3"]
[White "Adamczyk Wieslaw (POL)"]
[Black "Stoklosa Stanislaw (POL)"]
[Result "1-0"]
[WhiteElo "1605"]
[BlackElo "1318"]

1.e4 e6 2.d4 d5 3.Nd2 Nc6 4.Ngf3 Nf6 5.e5 Nd7 6.c3 b6 7.Bd3 Bb7 8.Nf1 Ne7
9.Ng3 c5 10.O-O Nc6 11.Be3 g6 12.Rc1 c4 13.Bb1 b5 14.Nd2 b4 15.f4 f5 16.exf6
Nxf6 17.Nf3 Bh6 18.Qe2 Qc8 19.Ne5 Ba6 20.Bd2 Rb8 21.Nxc6 Qxc6 22.Qe5 Nd7 {#r}
1-0

[Event "It (open) (under 2350)"]
[Site "masterchessopen.com – Krakow (Poland)"]
[Date "2012.08.09"]
[Round "2"]
[White "Zapolskis Antanas (LTU)"]
[Black "Ibs Malte (GER)"]
[Result "1-0"]
[WhiteElo "2327"]
[BlackElo "1926"]

1.e4 e6 2.d4 d5 3.Nd2 Nc6 4.Ngf3 Nf6 5.e5 Nd7 6.c3 f6 7.Bb5 Be7 8.O-O O-O
9.Re1 Qe8 10.exf6 Bxf6 11.Ne5 Ndxe5 12.dxe5 Bh4 13.Nf3 Qf7 14.Qa4 g5 15.Be3
Nxe5 16.Nxe5 Bxf2+ 17.Kh1 Qg7 18.Bxf2 Rxf2 19.Bd3 c6 20.Qd4 Rf4 21.Qe3 h6
22.Rf1 Qf8 23.g3 Rxf1+ 24.Rxf1 Qd6 25.Qf3 {#r} 1-0

[Event "Ch Germany (juniors) (Internet) (under 25) (qual3)"]
[Site "masterchessopen.com – Internet"]
[Date "2012.09.08"]
[Round "4"]
[White "Huebben Dominik"]
[Black "Laubert Johannes (GER)"]
[Result "0-1"]
[WhiteElo "1682"]
[BlackElo "2230"]

1.e4 e6 2.d4 d5 3.Nd2 Nc6 4.Ngf3 Nf6 5.e5 Nd7 6.c3 f6 7.exf6 Qxf6 8.Bd3 Bd6
9.O-O O-O 10.Re1 e5 11.dxe5 Ndxe5 12.Qc2 Nxd3 13.Qxd3 Be6 14.Nf1 Rae8 15.Bg5
Qf7 16.Ng3 h6 17.Be3 a6 18.Qd2 Bg4 19.Nd4 Ne5 20.b3 Bd7 21.h3 c5 22.Nde2 Bxh3
23.Bxh6 gxh6 24.Rf1 Nf3+ 25.gxf3 Qxf3 {#R} 0-1

[Event "Cup Latinoamerican (open)"]
[Site "masterchessopen.com – Cali (Colombia)"]
[Date "2012.10.08"]
[Round "8"]
[White "Mateus Alejandro (COL)"]
[Black "Pazos Gambarrotti Plinio (ECU)"]
[Result "0-1"]
[WhiteElo "2277"]
[BlackElo "2271"]

1.e4 e6 2.d4 d5 3.Nd2 Nf6 4.Ngf3 Nc6 5.e5 Nd7 6.Bd3 f6 7.O-O fxe5 8.Nxe5 Ndxe5
9.dxe5 Nxe5 10.Qh5+ Nf7 11.Nf3 g6 12.Bxg6 hxg6 13.Qxg6 Bd6 14.Re1 Qe7 15.Bg5
Bxh2+ 16.Kh1 Qd6 17.c4 e5 18.Qg7 Bf5 19.g4 Bxg4 20.Nxh2 Rxh2+ 21.Kg1 Rh5
22.Rxe5+ Qxe5 23.Qg8+ Kd7 24.Qxf7+ Kc6 25.Bf4 Bf3 26.cxd5+ Qxd5 27.Rc1+ Kb5
28.a4+ Ka6 {#R} 0-1